| 000 | 00542nam a2200169 a 4500 | ||
|---|---|---|---|
| 001 | 000026938 | ||
| 005 | 20200930030512.0 | ||
| 008 | 110328s1939 dr 000 0 spa d | ||
| 040 |
_aDO-SdBNP _bspa _cBNPHU |
||
| 082 |
_axxx _bF825a |
||
| 100 | 1 |
_aFranco, Pericles A. _937156 |
|
| 245 | 1 | 0 |
_aAnuario estadístico de la República Dominicana del año 1939 / _cPericles A. Franco. |
| 260 |
_aSantiago, República Dominicana : _bEl Diario, _c1939. |
||
| 300 |
_av. : _bmapas ; _c26 cm. |
||
| 500 | _aLa biblioteca posee el tomo I | ||
| 049 | _aBNPD | ||
| 999 |
_c26430 _d26430 |
||